00886nam a22001937a 450000500170000000800410001702000180005805000220007610000340009824000740013224501060020626000530031230000180036549000360038350000830041950501300050265000300063270000300066220231102151832.0150623s1967 sp ||||| |||| 00| 0 spa d a9788425401251 4aBD166b V36 1989 1 aVerneaux, Rogerd1906-eautor10aEpistemologie générale ou Critique de la connaissance.lEspañol10aEpistemología general o crítica del conocimientoc/ Roger Verneaux; traducción de Luisa Medrano3 aBarcelona, Españab : Herder Editorialc, 1967 a248 páginas0 aCurso de filosofía Tomistav3 aTítulo original: Epistemologie générale ou Critique de la connaissance.1 aLas corrientes principales de la epistemología Las nociones fundamentales de la crítica Las tesis esenciales del realismo14aTEORÍA DEL CONOCIMIENTO1 aMedrano, Luisaetraductor